| 000 | 00765nam a22002297a 4500 | ||
|---|---|---|---|
| 003 | OSt | ||
| 008 | 240111b1997 |||||||| |||| 00| 0 eng d | ||
| 082 |
_a658.402 _bNAD-C |
||
| 100 | _aNadler, David A. | ||
| 245 |
_aCompeting by design : _bthe power of organizational architecture / _cDavid A. Nadler, Michael L. Tushman and Mark B. Nadler. |
||
| 260 |
_aNew York : _bOxford University Press , _c1997. |
||
| 300 | _axii, 240 p. ; | ||
| 650 | _aOrganizational effectiveness | ||
| 650 | _aCompetition | ||
| 650 | _aOrganizational change-Management | ||
| 650 | _aCorporate reorganizations-Management | ||
| 650 | _aOrganizational change | ||
| 650 | _aCorporate reorganizations | ||
| 700 | _aTushman, Michael L. | ||
| 700 | _aNadler, Mark B. | ||
| 942 |
_2ddc _cBK |
||
| 999 |
_c20020 _d20020 |
||